Histología / (Registro nro. 35456)
[ vista simple ]
| 000 -LEADER | |
|---|---|
| fixed length control field | 01037cam a2200301 i 4500 |
| 001 - CONTROL NUMBER | |
| control field | 35456 |
| 003 - CONTROL NUMBER IDENTIFIER | |
| control field | Mx-PuUPA |
| 005 - DATE AND TIME OF LATEST TRANSACTION | |
| control field | 20240410103756.0 |
| 008 - FIXED-LENGTH DATA ELEMENTS--GENERAL INFORMATION | |
| fixed length control field | 140415s1998 mx ad r 000 0 spa d |
| 020 ## - INTERNATIONAL STANDARD BOOK NUMBER | |
| International Standard Book Number | 9701015673 |
| 040 ## - CATALOGING SOURCE | |
| Original cataloging agency | MX-PuUPA |
| Language of cataloging | spa |
| Description conventions | rda |
| Transcribing agency | Mx-PuUPA |
| Modifying agency | Mx-PuUPA |
| 041 1# - LANGUAGE CODE | |
| Language code of text/sound track or separate title | spa |
| Language code of original | eng |
| 100 1# - MAIN ENTRY--PERSONAL NAME | |
| Personal name | Bergman, Ronald A. |
| Fuller form of name | (Ronald Arly), |
| Dates associated with a name | 1927 |
| Relator term | autor |
| 9 (RLIN) | 46 |
| 240 10 - UNIFORM TITLE | |
| Uniform title | Histology. |
| Language of a work | Español |
| 245 10 - TITLE STATEMENT | |
| Title | Histología / |
| Statement of responsibility, etc. | Ronald A. Bergman, Adel K. Afifi, Paul M. Heidger. |
| 250 ## - EDITION STATEMENT | |
| Edition statement | Primera edición |
| 264 #1 - PRODUCTION, PUBLICATION, DISTRIBUTION, MANUFACTURE, AND COPYRIGHT NOTICE | |
| Place of production, publication, distribution, manufacture | México, D.F. : |
| Name of producer, publisher, distributor, manufacturer | McGraw-Hill Interamericana de México, |
| Date of production, publication, distribution, manufacture, or copyright notice | 1998 |
| 300 ## - PHYSICAL DESCRIPTION | |
| Extent | xii, 369 páginas : |
| Other physical details | ilustraciones ; |
| Dimensions | 28 cm. |
| 336 ## - CONTENT TYPE | |
| Content type term | texto |
| Fuente | rdacontent |
| Content type code | txt |
| 337 ## - MEDIA TYPE | |
| Media type term | sin medio |
| Source | rdamedia |
| Media type code | n |
| 338 ## - CARRIER TYPE | |
| Carrier type term | volumen |
| Source | rdacarrier |
| Carrier type code | nc |
| 650 #4 - SUBJECT ADDED ENTRY--TOPICAL TERM | |
| Topical term or geographic name entry element | Histología |
| 700 1# - ADDED ENTRY--PERSONAL NAME | |
| Personal name | Afifi, Adel K. |
| Relator term | autor |
| 9 (RLIN) | 45 |
| 700 1# - ADDED ENTRY--PERSONAL NAME | |
| Personal name | Heidger, Paul M., |
| Relator term | autor |
| 765 08 - ORIGINAL LANGUAGE ENTRY | |
| Main entry heading | Bergman, Ronald A., (Ronald Arly), 1927. |
| Title | Histology. |
| 942 ## - ADDED ENTRY ELEMENTS (KOHA) | |
| Koha item type | Libro |
| Source of classification or shelving scheme | Dewey Decimal Classification |
| Classification part | 611.0181 |
| Item part | B482 |
| Withdrawn status | Lost status | Source of classification or shelving scheme | Damaged status | Not for loan | Home library | Current library | Shelving location | Date acquired | Source of acquisition | Total Checkouts | Full call number | Barcode | Price effective from | Koha item type | Collection code | Date last seen | Date last checked out | Copy number | Total Renewals |
|---|---|---|---|---|---|---|---|---|---|---|---|---|---|---|---|---|---|---|---|
| Extraviado | Dewey Decimal Classification | Biblioteca Karol Wojtyla | Biblioteca Karol Wojtyla | 03/12/2013 | Compra | 611.0181 BER | 57157 | 03/12/2013 | Libro | ||||||||||
| Dewey Decimal Classification | Biblioteca Karol Wojtyla | Biblioteca Karol Wojtyla | Sala general | 03/12/2013 | Compra | 4 | 611.0181 B482 1998 | 57156 | 03/12/2013 | Libro | General | 05/01/2026 | 12/05/2022 | Ej.10 | |||||
| Dewey Decimal Classification | Biblioteca Karol Wojtyla | Biblioteca Karol Wojtyla | Sala general | 03/12/2013 | Compra | 6 | 611.0181 B482 1998 | 57158 | 19/04/2017 | Libro | General | 05/01/2026 | 21/04/2022 | Ej.11 | 1 | ||||
| Dewey Decimal Classification | Biblioteca Karol Wojtyla | Biblioteca Karol Wojtyla | Sala general | 03/12/2013 | Compra | 31 | 611.0181 B482 1998 | 55341 | 03/12/2013 | Libro | General | 05/01/2026 | 15/02/2024 | Ej.7 | 1 | ||||
| Dewey Decimal Classification | Biblioteca Karol Wojtyla | Biblioteca Karol Wojtyla | Sala general | 03/12/2013 | Compra | 12 | 611.0181 B482 1998 | 54019 | 03/12/2013 | Libro | General | 05/01/2026 | 14/08/2024 | Ej.4 | |||||
| Dewey Decimal Classification | Biblioteca Karol Wojtyla | Biblioteca Karol Wojtyla | Sala general | 03/12/2013 | Compra | 10 | 611.0181 B482 1998 | 54164 | 03/12/2013 | Libro | General | 05/01/2026 | 17/04/2023 | Ej.6 | |||||
| Dewey Decimal Classification | Biblioteca Karol Wojtyla | Biblioteca Karol Wojtyla | Sala general | 03/12/2013 | Compra | 3 | 611.0181 B482 1998 | 54003 | 03/12/2013 | Libro | General | 05/01/2026 | 03/04/2019 | Ej.3 | |||||
| Dewey Decimal Classification | Biblioteca Karol Wojtyla | Biblioteca Karol Wojtyla | Sala general | 03/12/2013 | Compra | 15 | 611.0181 B482 1998 | 57154 | 16/03/2018 | Libro | General | 05/01/2026 | 01/03/2024 | Ej.8 | |||||
| Dewey Decimal Classification | Biblioteca Karol Wojtyla | Biblioteca Karol Wojtyla | Sala general | 03/12/2013 | Compra | 28 | 611.0181 B482 1998 | 53551 | 29/05/2017 | Libro | General | 05/01/2026 | 07/02/2024 | 5 | |||||
| Dewey Decimal Classification | Biblioteca Karol Wojtyla | Biblioteca Karol Wojtyla | Sala general | 03/12/2013 | Compra | 6 | 611.0181 B482 1998 | 53674 | 03/12/2013 | Libro | General | 05/01/2026 | 25/08/2022 | Ej.2 | |||||
| Dewey Decimal Classification | Biblioteca Karol Wojtyla | Biblioteca Karol Wojtyla | Sala general | 03/12/2013 | Compra | 9 | 611.0181 B482 1998 | 54144 | 14/08/2017 | Libro | General | 05/01/2026 | 01/02/2024 | Ej.5 | 1 | ||||
| No inventariado | Dewey Decimal Classification | Biblioteca Karol Wojtyla | Biblioteca Karol Wojtyla | Sala general | 03/12/2013 | Compra | 611.0181 B482 1998 | 57155 | 03/12/2013 | Libro | General | Ej.9 | |||||||
| Extraviado | Dewey Decimal Classification | Biblioteca Karol Wojtyla | Biblioteca Karol Wojtyla | 03/12/2013 | Compra | 611.0181 BER | 55340 | 03/12/2013 | Libro |